[Event "4NCL Online Division 3"]
[Site "online"]
[Date "2021.09.07"]
[EventDate "2021.09.07"]
[Round "2.161"]
[White "Brozel, Sacha"]
[WhiteElo "2311"]
[WhiteTeam "Barnet Knights A"]
[Black "Stoker, Andrew J"]
[BlackElo "2023"]
[BlackTeam "Manchester Manticores"]
[Result "0-1"]
[PlyCount "60"]

1. g3 g6 2. Bg2 Bg7 3. c4 Nf6 4. Nc3 d6 5. e4 c6 6. Nge2 O-O 7. O-O Qa5 8. d3 Qh5 9. f3 e5 10. Be3 g5 11. Qd2 h6 12. b4 Be6 13. c5 d5 14. exd5 Nxd5 15. Nxd5 cxd5 16. d4 Nc6 17. Rae1 Qg6 18. b5 exd4 19. Nxd4 Ne5 20. Qc2 Qxc2 21. Nxc2 Rac8 22. Rd1 Rfd8 23. f4 gxf4 24. gxf4 Nc4 25. f5 Nxe3 26. Nxe3 d4 27. fxe6 dxe3 28. exf7+ Kf8 29. Bxb7 Rxd1 30. Bxc8 e2 0-1

[Event "4NCL Online Division 3"]
[Site "online"]
[Date "2021.09.07"]
[EventDate "2021.09.07"]
[Round "2.162"]
[White "Reed, John"]
[WhiteElo "1878"]
[WhiteTeam "Manchester Manticores"]
[Black "Ethelontis, Alexandros N"]
[BlackElo "2127"]
[BlackTeam "Barnet Knights A"]
[Result "0-1"]
[PlyCount "72"]

1. d4 f5 2. Bg5 g6 3. Nd2 Bg7 4. e4 fxe4 5. Nxe4 d5 6. Nc5 b6 7. Nb3 Nh6 8. Nf3 Nf7 9. Bf4 O-O 10. Qd2 Nd7 11. O-O-O a5 12. Kb1 Nf6 13. Ne5 a4 14. Nc1 a3 15. b3 Ne4 16. Qe3 Nxe5 17. dxe5 Rxf4 18. f3 Qf8 19. fxe4 Rxe4 20. Qd2 e6 21. Bd3 Rxe5 22. Rdf1 Qe7 23. h4 Ba6 24. Bxa6 Rxa6 25. h5 Rf5 26. c3 Qf6 27. Rxf5 Qxf5+ 28. Ka1 b5 29. Nd3 Rc6 30. Rc1 Qf6 31. hxg6 hxg6 32. Nf4 Rxc3 33. Rxc3 Qxc3+ 34. Qxc3 Bxc3+ 35. Kb1 Kf7 36. Kc2 Be5 0-1

[Event "4NCL Online Division 3"]
[Site "online"]
[Date "2021.09.07"]
[EventDate "2021.09.07"]
[Round "2.163"]
[White "Rasalingam, Haran"]
[WhiteElo "2039"]
[WhiteTeam "Barnet Knights A"]
[Black "Sheppard, Daniel C"]
[BlackElo "1872"]
[BlackTeam "Manchester Manticores"]
[Result "1-0"]
[PlyCount "37"]

1. e4 c5 2. b3 d6 3. Bb2 Nf6 4. Bb5+ Bd7 5. Bxd7+ Qxd7 6. d3 Nc6 7. f4 g6 8. Qe2 Nd4 9. Bxd4 cxd4 10. Nf3 Bg7 11. O-O Ng4 12. a4 Rc8 13. Na3 O-O 14. Rab1 a6 15. Nc4 Rc7 16. h3 Nh6 17. a5 Qb5 18. Qf2 e5 19. Nxd6 1-0

[Event "4NCL Online Division 3"]
[Site "online"]
[Date "2021.09.07"]
[EventDate "2021.09.07"]
[Round "2.164"]
[White "Whitehead, Mark A"]
[WhiteElo "1945"]
[WhiteTeam "Manchester Manticores"]
[Black "Covey, Jason"]
[BlackElo "1994"]
[BlackTeam "Barnet Knights A"]
[Result "0-1"]
[PlyCount "68"]

1. e4 e6 2. Qe2 c5 3. g3 Nc6 4. c3 Nf6 5. d3 Be7 6. Bg2 d5 7. f4 b6 8. Nf3 Ba6 9. e5 Nd7 10. O-O Rc8 11. Nbd2 O-O 12. Rd1 Re8 13. Nf1 f6 14. h4 Qc7 15. Re1 d4 16. c4 f5 17. N1h2 b5 18. b3 Nb6 19. Ng5 Bxg5 20. hxg5 Rb8 21. g4 bxc4 22. bxc4 Na4 23. gxf5 exf5 24. Bd5+ Kh8 25. Bg2 Nc3 26. Qd2 Bb7 27. a3 Na5 28. Qc2 Bxg2 29. Kxg2 Nb3 30. Bb2 Nxa1 31. Bxa1 Qb7+ 32. Nf3 Qb3 33. Qf2 Nd1 34. Qh4 Qa2+ 0-1

[Event "4NCL Online Division 3"]
[Site "online"]
[Date "2021.09.21"]
[EventDate "2021.09.21"]
[Round "3.11"]
[White "Tenin, Alex"]
[WhiteElo "2000"]
[WhiteTeam "War & Piece Overlord"]
[Black "Jayawarna, Thisumi"]
[BlackElo "1601"]
[BlackTeam "Manchester Juniors B"]
[Result "1-0"]
[PlyCount "103"]

1. e4 d5 2. exd5 Qxd5 3. Nc3 Qa5 4. Bc4 Nf6 5. d3 c6 6. Qe2 Bf5 7. Bd2 Qc7 8. f3 e6 9. g4 Bg6 10. O-O-O Nbd7 11. h4 h6 12. Nh3 Bd6 13. Ne4 Nxe4 14. dxe4 O-O-O 15. f4 Nc5 16. f5 exf5 17. exf5 Bh7 18. Qf3 Be5 19. Bc3 Bxc3 20. Qxc3 Rhg8 21. Rxd8+ Kxd8 22. Qd4+ Nd7 23. Bxf7 Qb6 24. Qxb6+ Nxb6 25. Bxg8 Bxg8 26. b3 Ke7 27. Nf4 Bf7 28. Ne6 Bxe6 29. Re1 Nd5 30. Rxe6+ Kf7 31. Re4 Nc3 32. Rc4 Nd5 33. Kd2 Kf6 34. Re4 Kf7 35. a3 Nb6 36. c4 Nd7 37. b4 Kf6 38. Re6+ Kf7 39. g5 hxg5 40. hxg5 a6 41. Ke3 c5 42. Ke4 cxb4 43. axb4 a5 44. bxa5 Nc5+ 45. Kd5 Nxe6 46. fxe6+ Ke7 47. g6 Kd8 48. Kd6 Ke8 49. e7 b5 50. a6 bxc4 51. a7 c3 52. a8=Q# 1-0

[Event "4NCL Online Division 3"]
[Site "online"]
[Date "2021.09.21"]
[EventDate "2021.09.21"]
[Round "3.12"]
[White "Eccleston, Bryony"]
[WhiteElo "1526"]
[WhiteTeam "Manchester Juniors B"]
[Black "O'Byrne, Daniel"]
[BlackElo "1922"]
[BlackTeam "War & Piece Overlord"]
[Result "0-1"]
[PlyCount "102"]

1. e4 c5 2. d4 cxd4 3. c3 d5 4. Qxd4 dxe4 5. Qxd8+ Kxd8 6. Bc4 Nc6 7. Be3 Ne5 8. Be2 Nf6 9. Nd2 Bf5 10. O-O-O Nd3+ 11. Kb1 Nxf2 12. Bxf2 e3+ 13. Ne4+ Kc8 14. Bxe3 Bxe4+ 15. Kc1 Bxg2 16. Nf3 Bxh1 17. Rxh1 Nd5 18. Bf2 Nf4 19. Bb5 a6 20. Ba4 Nd3+ 21. Kc2 Nxf2 22. Rf1 Ng4 23. Rd1 Ne3+ 24. Kd2 Nxd1 25. Kxd1 f6 26. Bc2 e5 27. Bf5+ Kc7 28. Kc2 Bd6 29. Kd3 g6 30. Bh3 Rhe8 31. Kc4 e4 32. Nd2 e3 33. Nf3 e2 34. Ne1 Bxh2 35. Kd3 Rad8+ 36. Kc2 Bg3 37. Ng2 f5 38. Kb3 f4 39. Bg4 h5 40. Bf3 h4 41. Bg4 h3 42. Bxh3 f3 43. Nh4 e1=Q 44. Nxg6 Qd1+ 45. Ka3 Qd6+ 46. Kb3 Qxg6 47. Kb4 Re4+ 48. Kb3 Qf7+ 49. Kc2 Re2+ 50. Kc1 Qf4+ 51. Kb1 Rd1# 0-1

[Event "4NCL Online Division 3"]
[Site "online"]
[Date "2021.09.21"]
[EventDate "2021.09.21"]
[Round "3.13"]
[White "Taylor, Harry"]
[WhiteElo "1823"]
[WhiteTeam "War & Piece Overlord"]
[Black "Ye, Tim"]
[BlackElo "1369"]
[BlackTeam "Manchester Juniors B"]
[Result "1-0"]
[PlyCount "99"]

1. e4 e5 2. Nf3 Nc6 3. d4 exd4 4. Bc4 Nf6 5. e5 d5 6. Bb5 Ne4 7. Nxd4 Bd7 8. Bxc6 bxc6 9. O-O Bc5 10. Be3 Bxd4 11. Bxd4 Ng5 12. Nc3 Ne6 13. Na4 O-O 14. Nc5 Nxc5 15. Bxc5 Re8 16. Qd4 a6 17. b4 Qg5 18. Rae1 Bh3 19. g3 Bxf1 20. Kxf1 Re6 21. Qc3 Rae8 22. f4 Qh5 23. Kg2 f6 24. Bd4 fxe5 25. Bxe5 Rh6 26. h4 Qg4 27. a4 Rxh4 28. Qxc6 Re6 29. Qxd5 Rh6 30. Qd8+ Kf7 31. Qxc7+ Re7 32. Qc4+ Qe6 33. Qxe6+ Rhxe6 34. c4 Rb7 35. b5 axb5 36. axb5 g5 37. Rh1 Kg6 38. Rb1 Re8 39. c5 Rc8 40. Bd6 gxf4 41. gxf4 Kf5 42. Kf3 h5 43. b6 Rc6 44. Rh1 Kg6 45. Ke4 Rc8 46. Kd5 Kh6 47. Bc7 Rbxc7 48. bxc7 Rxc7 49. Kd6 Rc8 50. c6 1-0

[Event "4NCL Online Division 3"]
[Site "online"]
[Date "2021.09.21"]
[EventDate "2021.09.21"]
[Round "3.14"]
[White "Fairclough, William"]
[WhiteElo "1375"]
[WhiteTeam "Manchester Juniors B"]
[Black "Kelly, Richard"]
[BlackElo "1790"]
[BlackTeam "War & Piece Overlord"]
[Result "1/2-1/2"]
[PlyCount "128"]

1. e4 e6 2. Nc3 d5 3. d4 c5 4. Nf3 Nc6 5. Bb5 dxe4 6. Nxe4 Bd7 7. O-O Nxd4 8. Bxd7+ Qxd7 9. Be3 Rd8 10. c3 Qc6 11. Ned2 Nf5 12. Ne5 Qd5 13. Qa4+ Ke7 14. Bf4 g5 15. Bxg5+ f6 16. Bxf6+ Nxf6 17. Ndf3 Bh6 18. Rfd1 Qe4 19. Qxa7 Nd7 20. Nxd7 Rxd7 21. Qxc5+ Nd6 22. Ne5 Rg8 23. g3 Rc8 24. Qd4 Qxd4 25. Rxd4 Rdc7 26. Rad1 Nf5 27. Rd7+ Rxd7 28. Rxd7+ Kf6 29. Ng4+ Kg6 30. Rxb7 Rd8 31. Ne5+ Kf6 32. Nd7+ Kg6 33. a4 Nd6 34. Ne5+ Kf6 35. Ng4+ Kg6 36. Rb4 Bc1 37. a5 Nf5 38. a6 Ra8 39. Ne5+ Kf6 40. Nd7+ Ke7 41. Nc5 Kd6 42. Nb7+ Kc6 43. Rc4+ Kb5 44. Rc7 Kxa6 45. Rxh7 Bxb2 46. Nc5+ Kb6 47. Nxe6 Bxc3 48. g4 Rg8 49. h3 Kc6 50. Kf1 Nd6 51. Rc7+ Kd5 52. Rxc3 Kxe6 53. Rc6 Kd5 54. Ra6 Ne4 55. Ke2 Rh8 56. Ra5+ Nc5 57. f4 Rxh3 58. f5 Rg3 59. f6 Rxg4 60. Kf3 Rg1 61. Ra2 Rf1+ 62. Rf2 Rxf2+ 63. Kxf2 Ne4+ 64. Ke3 Nxf6 1/2-1/2

[Event "4NCL Online Division 3"]
[Site "online"]
[Date "2021.09.21"]
[EventDate "2021.09.21"]
[Round "3.21"]
[White "Kolbusz, George"]
[WhiteElo "1831"]
[WhiteTeam "Shropshire and Friends 3"]
[Black "Alvares, Owen"]
[BlackElo "1792"]
[BlackTeam "Catford Cosmonauts 3"]
[Result "1-0"]
[PlyCount "95"]

1. d4 d5 2. Nf3 Nc6 3. g3 Bg4 4. h3 Bd7 5. Bg2 Nf6 6. O-O Qc8 7. Kh2 h6 8. Ne5 e6 9. c3 Bd6 10. f4 h5 11. Qc2 Ne7 12. Nd2 Nf5 13. Ndf3 Ne4 14. Nxd7 Qxd7 15. Ne5 Bxe5 16. Bxe4 Bd6 17. Bd3 g5 18. Bxf5 gxf4 19. Bxf4 exf5 20. Bxd6 Qxd6 21. Qxf5 Qe6 22. e4 Qxf5 23. exf5 Kd7 24. Rae1 Rae8 25. Re5 Rxe5 26. dxe5 Re8 27. Re1 c6 28. Kg2 Rg8 29. Kf3 Ke7 30. Kf4 a6 31. Rh1 b6 32. g4 h4 33. g5 a5 34. Rg1 b5 35. a3 c5 36. Rg4 d4 37. cxd4 cxd4 38. Ke4 Rc8 39. Kd3 Rc5 40. Rxh4 Rxe5 41. Re4 f6 42. g6 Kf8 43. Rxe5 fxe5 44. h4 Kg7 45. h5 a4 46. Ke4 Kf8 47. h6 Kg8 48. f6 1-0

[Event "4NCL Online Division 3"]
[Site "online"]
[Date "2021.09.21"]
[EventDate "2021.09.21"]
[Round "3.22"]
[White "Stewart, Martin"]
[WhiteElo "1832"]
[WhiteTeam "Catford Cosmonauts 3"]
[Black "Maydew, Simon"]
[BlackElo "1824"]
[BlackTeam "Shropshire and Friends 3"]
[Result "0-1"]
[PlyCount "74"]

1. g4 d5 2. h3 e5 3. b3 h5 4. Bg2 hxg4 5. hxg4 Rxh1 6. Bxh1 Bxg4 7. Nc3 c6 8. Bb2 Qh4 9. Bg2 Qh2 10. Kf1 Nd7 11. Qe1 O-O-O 12. Nd1 Ngf6 13. Ne3 Bd6 14. f3 Be6 15. Kf2 e4 16. Kf1 Bg3 17. Qc1 Ne5 18. Bd4 exf3 19. exf3 Kb8 20. Qb2 Ned7 21. b4 Bd6 22. Rb1 Nh5 23. d3 f6 24. c4 dxc4 25. dxc4 Ne5 26. Qc3 Nf4 27. c5 Nxg2 28. cxd6 Nxe3+ 29. Bxe3 Bc4+ 30. Ke1 Nxf3+ 31. Kd1 Rxd6+ 32. Kc1 Ne5 33. Rb2 Nd3+ 34. Qxd3 Qxb2+ 35. Kxb2 Rxd3 36. Bf4+ Kc8 37. a3 Rb3+ 0-1

[Event "4NCL Online Division 3"]
[Site "online"]
[Date "2021.09.21"]
[EventDate "2021.09.21"]
[Round "3.23"]
[White "Lovatt, Peter G"]
[WhiteElo "1787"]
[WhiteTeam "Shropshire and Friends 3"]
[Black "Oyvat, Cem"]
[BlackElo "1727"]
[BlackTeam "Catford Cosmonauts 3"]
[Result "0-1"]
[PlyCount "106"]

1. e4 c5 2. Nf3 d6 3. Bb5+ Bd7 4. a4 Nc6 5. O-O e6 6. Re1 Nge7 7. c3 g6 8. d4 cxd4 9. cxd4 d5 10. Nc3 Bg7 11. exd5 exd5 12. Qe2 Be6 13. Bg5 O-O 14. Rad1 Qb6 15. Kh1 Nf5 16. Bxc6 bxc6 17. Qd2 Rab8 18. Re2 Rfe8 19. h3 Rb7 20. Bf4 Rbe7 21. g4 Bd7 22. gxf5 Rxe2 23. Nxe2 Bxf5 24. Kh2 Qb3 25. Nc3 Qc4 26. Re1 Rxe1 27. Qxe1 Be6 28. Qe2 Qb4 29. Ng5 Bd7 30. Nf3 Bxd4 31. Nxd4 Qxd4 32. Qf3 Qf6 33. Qg3 Qf5 34. Kg2 d4 35. Nd1 c5 36. f3 Bxa4 37. Nf2 f6 38. Qg4 Qxg4+ 39. hxg4 c4 40. Bd2 Kf7 41. f4 Ke6 42. Kf1 h6 43. Ke2 f5 44. Bb4 fxg4 45. Nxg4 h5 46. Ne5 Bb5 47. Kf3 Kf5 48. Bc5 c3 49. bxc3 dxc3 50. Bxa7 g5 51. Be3 g4+ 52. Kf2 Ke4 53. Ng6 g3+ 0-1

[Event "4NCL Online Division 3"]
[Site "online"]
[Date "2021.09.21"]
[EventDate "2021.09.21"]
[Round "3.24"]
[White "Kizilay, Huseyin Gokhan"]
[WhiteElo "1721"]
[WhiteTeam "Catford Cosmonauts 3"]
[Black "Clark, Matthew D H"]
[BlackElo "1787"]
[BlackTeam "Shropshire and Friends 3"]
[Result "1-0"]
[PlyCount "77"]

1. c4 f5 2. d3 Nf6 3. Nc3 g6 4. e4 fxe4 5. dxe4 d6 6. h4 h5 7. Bd3 Nc6 8. Nge2 Be6 9. Nd5 Bg7 10. f4 Bf7 11. Qb3 Rb8 12. O-O O-O 13. f5 Nxd5 14. exd5 Nd4 15. Nxd4 Bxd4+ 16. Kh1 e6 17. Bg5 Bf6 18. dxe6 Bxg5 19. exf7+ Kg7 20. hxg5 Qxg5 21. Qc3+ Kxf7 22. fxg6+ Kg8 23. Qd4 c5 24. Qxd6 Rbd8 25. Rxf8+ Rxf8 26. Qe6+ Kh8 27. Qd7 Qh4+ 28. Qh3 Qg5 29. Rf1 Rxf1+ 30. Bxf1 Qxg6 31. Qc8+ Kg7 32. Qxb7+ Kh6 33. Qf3 Qg5 34. Qf8+ Qg7 35. Qxc5 Qg3 36. Qf8+ Kg5 37. Qg7+ Kh4 38. Qxg3+ Kxg3 39. c5 1-0

[Event "4NCL Online Division 3"]
[Site "online"]
[Date "2021.09.21"]
[EventDate "2021.09.21"]
[Round "3.31"]
[White "Gajdosz, Marek"]
[WhiteElo "1931"]
[WhiteTeam "Darnall & Handsworth"]
[Black "Zhang, Zheming"]
[BlackElo "1994"]
[BlackTeam "Forest Hall Juniors"]
[Result "0-1"]
[PlyCount "132"]

1. d4 e6 2. Nf3 f5 3. g3 Nf6 4. Bg2 Be7 5. O-O O-O 6. c4 d6 7. Nc3 Qe8 8. Qc2 Bd8 9. b4 c6 10. Bf4 d5 11. c5 Nbd7 12. a4 Ne4 13. b5 h6 14. h4 Nxc3 15. Qxc3 Nf6 16. bxc6 Qxc6 17. Ne5 Qe8 18. a5 Bc7 19. a6 bxa6 20. c6 Ne4 21. Bxe4 fxe4 22. Nd7 Bxf4 23. Nxf8 Bc7 24. Nd7 Bxd7 25. cxd7 Qxd7 26. Rxa6 Bb6 27. Rc1 Rf8 28. e3 Kh7 29. Qc6 Qf7 30. Ra2 Re8 31. Qd6 e5 32. h5 exd4 33. exd4 Qxh5 34. Rd2 e3 35. fxe3 Rxe3 36. Qf4 Rf3 37. Rh2 Rxf4 38. Rxh5 Rxd4 39. Kg2 Kg6 40. Re5 Rd2+ 41. Kf3 Rf2+ 42. Kg4 d4 43. Rc6+ Rf6 44. Rc8 Rd6 45. Re7 d3 46. Rce8 Kf6 47. Re1 d2 48. Rf1+ Kg6 49. Rd1 Ba5 50. Ra8 a6 51. Rc8 Bb4 52. Kf3 a5 53. Re8 Kf7 54. Re4 Rd3+ 55. Kf2 Kf6 56. g4 Kg5 57. Rc4 Rd6 58. Ke2 Re6+ 59. Kd3 Rf6 60. Rh1 Rf4 61. Rc7 g6 62. Rh7 Rxg4 63. Rd7 h5 64. Ke2 Re4+ 65. Kf3 Re1 66. Rd5+ Kh6 0-1

[Event "4NCL Online Division 3"]
[Site "online"]
[Date "2021.09.21"]
[EventDate "2021.09.21"]
[Round "3.32"]
[White "Wall, John (jnr)"]
[WhiteElo "1756"]
[WhiteTeam "Forest Hall Juniors"]
[Black "Brennan, Oliver"]
[BlackElo "1685"]
[BlackTeam "Darnall & Handsworth"]
[Result "1/2-1/2"]
[PlyCount "101"]

1. d4 Nf6 2. Bf4 g6 3. e3 Bg7 4. c4 d6 5. Nc3 Nbd7 6. Nf3 O-O 7. Be2 c5 8. O-O a6 9. h3 Qa5 10. Qc2 cxd4 11. exd4 e5 12. Bh2 Nh5 13. Rfd1 Re8 14. dxe5 dxe5 15. Rd5 Qc7 16. Rad1 Nb6 17. R5d2 Be6 18. b3 Nf4 19. Ne4 Bf5 20. Bxf4 exf4 21. Bd3 Rad8 22. c5 Rxd3 23. Qxd3 Bxe4 24. cxb6 Qxb6 25. Qd7 Bc6 26. Qd6 Re4 27. Ng5 Re5 28. Qd8+ Qxd8 29. Rxd8+ Re8 30. Rxe8+ Bxe8 31. Rd8 Kf8 32. Rb8 h6 33. Ne4 Be5 34. Rc8 Ke7 35. Kf1 Bc6 36. Nc5 Kd6 37. b4 Bb5+ 38. Kg1 Bc6 39. Rd8+ Ke7 40. Rd1 Bc3 41. a3 Bb2 42. Rd3 g5 43. Rb3 Be5 44. Nd3 Ba4 45. Rb1 Bd4 46. Re1+ Kd6 47. Rc1 Bc6 48. Rd1 Ba4 49. Rc1 Bc6 50. Rd1 Ba4 51. Rc1 1/2-1/2

[Event "4NCL Online Division 3"]
[Site "online"]
[Date "2021.09.21"]
[EventDate "2021.09.21"]
[Round "3.33"]
[White "Chatterton, Craig"]
[WhiteElo "1640"]
[WhiteTeam "Darnall & Handsworth"]
[Black "French, Morgan"]
[BlackElo "1658"]
[BlackTeam "Forest Hall Juniors"]
[Result "1-0"]
[PlyCount "45"]

1. d4 Nf6 2. c4 e5 3. dxe5 Ng4 4. Bf4 Nc6 5. Nf3 Bb4+ 6. Nc3 Qe7 7. Qd5 Bxc3+ 8. bxc3 Qa3 9. Qd2 Qe7 10. Qd5 Qa3 11. Qd2 Qe7 12. e3 Ngxe5 13. Nxe5 Nxe5 14. Be2 d6 15. Rb1 b6 16. Bxe5 Qxe5 17. Bf3 Rb8 18. Bc6+ Bd7 19. Bf3 O-O 20. O-O Bf5 21. Rb5 Qe7 22. Rxf5 Qe6 23. Rf4 1-0

[Event "4NCL Online Division 3"]
[Site "online"]
[Date "2021.09.21"]
[EventDate "2021.09.21"]
[Round "3.34"]
[White "Johnston, Alexander"]
[WhiteElo "1654"]
[WhiteTeam "Forest Hall Juniors"]
[Black "Primrose, Joe G"]
[BlackElo "1500"]
[BlackTeam "Darnall & Handsworth"]
[Result "1-0"]
[PlyCount "83"]

1. e4 e6 2. d4 d5 3. Nd2 Nc6 4. Ngf3 Nf6 5. e5 Nd7 6. Bd3 Nb4 7. Be2 c5 8. c3 Nc6 9. a3 cxd4 10. cxd4 Qb6 11. Nb3 a5 12. Be3 a4 13. Nc1 Be7 14. Nd3 Qd8 15. O-O O-O 16. Qc2 Nb6 17. Nc5 Bxc5 18. dxc5 Nd7 19. Bb5 Ncxe5 20. Nxe5 Nxe5 21. Bd4 Bd7 22. Bd3 Nxd3 23. Qxd3 Qa5 24. f4 Qa7 25. c6 Qb8 26. cxd7 Qc7 27. Qb5 g6 28. Bb6 Qb8 29. Rac1 Kg7 30. d8=Q Rxd8 31. Bxd8 Qxd8 32. Qxb7 Rb8 33. Qc7 Qf8 34. Rce1 Rc8 35. Qe5+ Kg8 36. Qf6 Qc5+ 37. Kh1 Qc2 38. h4 Qd2 39. h5 Rc2 40. Rg1 Qf2 41. h6 Kf8 42. Qd8# 1-0

[Event "4NCL Online Division 3"]
[Site "online"]
[Date "2021.09.21"]
[EventDate "2021.09.21"]
[Round "3.41"]
[White "Vaidyanathan, Adithya"]
[WhiteElo "1446"]
[WhiteTeam "Warwickshire Bears B"]
[Black "Wall, Tim P"]
[BlackTitle "FM"]
[BlackElo "2251"]
[BlackTeam "Chessable White Rose 3"]
[Result "0-1"]
[PlyCount "132"]

1. Nf3 d5 2. d4 Bf5 3. c4 e6 4. Nc3 Nc6 5. Bg5 Be7 6. Bxe7 Ngxe7 7. Qb3 O-O 8. cxd5 exd5 9. e3 Qd6 10. Be2 a6 11. O-O Bg4 12. Rfd1 Rfd8 13. Ne1 Bxe2 14. Nxe2 Nf5 15. Qc2 Nce7 16. Nd3 c6 17. Ng3 Nxg3 18. hxg3 Qg6 19. Qe2 Nf5 20. Ne5 Qe6 21. g4 Nd6 22. g3 f6 23. Nd3 Re8 24. Nc5 Qe7 25. b3 a5 26. a4 Qf7 27. Kg2 Ne4 28. Nxe4 Rxe4 29. Rh1 Rae8 30. Rh4 h6 31. Rah1 Rxd4 32. Qb2 Rde4 33. Rd1 Qe6 34. Qc3 Rxg4 35. Rxg4 Qxg4 36. Rd4 Qe2 37. Qxa5 Rxe3 38. Rf4 Re8 39. Qc7 Qe7 40. Qa5 Rd8 41. Qc3 Qe5 42. Qa5 Qd6 43. Qc3 d4 44. Qc4+ Qd5+ 45. Qxd5+ Rxd5 46. Re4 d3 47. Re1 Kf7 48. Kf1 Kg6 49. Rd1 Kf5 50. f3 Ke5 51. b4 Kd4 52. Kf2 Kc3 53. Rc1+ Kb2 54. Rd1 Kc2 55. Rxd3 Rxd3 56. b5 cxb5 57. axb5 Kd2 58. g4 g5 59. b6 Re3 60. f4 gxf4 61. g5 fxg5 62. Kg1 Ke1 63. Kg2 f3+ 64. Kg3 f2+ 65. Kh2 Kf1 66. Kh1 Rh3# 0-1

[Event "4NCL Online Division 3"]
[Site "online"]
[Date "2021.09.21"]
[EventDate "2021.09.21"]
[Round "3.42"]
[White "Mooney, David Paul"]
[WhiteElo "2214"]
[WhiteTeam "Chessable White Rose 3"]
[Black "Jayaprabu, Jaden"]
[BlackElo "1480"]
[BlackTeam "Warwickshire Bears B"]
[Result "1-0"]
[PlyCount "31"]

1. e4 e5 2. Nf3 Nf6 3. d4 Nxe4 4. Bd3 d5 5. Nxe5 c5 6. O-O cxd4 7. Bb5+ Nd7 8. Qxd4 Bc5 9. Qxd5 O-O 10. Qxe4 Nf6 11. Qh4 Qa5 12. Nc3 a6 13. Bd3 Bxf2+ 14. Rxf2 Qxe5 15. Bg5 Ng4 16. Qxh7# 1-0

[Event "4NCL Online Division 3"]
[Site "online"]
[Date "2021.09.21"]
[EventDate "2021.09.21"]
[Round "3.43"]
[White "Johal, Amrissa Kaur"]
[WhiteElo "1384"]
[WhiteTeam "Warwickshire Bears B"]
[Black "Wills, Tom"]
[BlackElo "2018"]
[BlackTeam "Chessable White Rose 3"]
[Result "1-0"]
[PlyCount "119"]

1. d4 d5 2. Nf3 Nf6 3. Nc3 Bf5 4. Bf4 c6 5. e3 e6 6. a3 Nbd7 7. Bd3 Ne4 8. Bxe4 dxe4 9. Nd2 Nf6 10. Bg5 Qb6 11. Rb1 Qa5 12. Bxf6 gxf6 13. O-O h5 14. Ndxe4 Be7 15. Ng3 Bg6 16. h3 Rg8 17. e4 Rd8 18. Qd2 Qb6 19. Rfd1 h4 20. Nge2 Bh5 21. f3 Bxf3 22. Kf2 Bh5 23. Qh6 Rg5 24. Rd3 Kd7 25. Nf4 Bf8 26. Qxf6 Be7 27. Qh6 Bg6 28. Nxg6 Rxg6 29. Qe3 Rdg8 30. Rg1 Qc7 31. e5 Bg5 32. Qf3 Kc8 33. Nb5 Qe7 34. Nd6+ Kc7 35. Qxf7 Rf8 36. Rf3 Rxf7 37. Rxf7 Qxf7+ 38. Nxf7 Be7 39. Rd1 Rg8 40. Nh6 Rf8+ 41. Ke2 c5 42. c3 Kc6 43. dxc5 Bxc5 44. Ng4 a5 45. b4 Bb6 46. Rd6+ Kc7 47. Rxe6 axb4 48. cxb4 Ra8 49. Nf6 Bd4 50. Nd5+ Kd8 51. Rd6+ Ke8 52. Nf6+ Kf7 53. Rxd4 Rxa3 54. Rxh4 Ke6 55. Re4 Rg3 56. Kf2 Rb3 57. h4 Kf5 58. g4+ Ke6 59. h5 Rb2+ 60. Kg3 1-0

[Event "4NCL Online Division 3"]
[Site "online"]
[Date "2021.09.21"]
[EventDate "2021.09.21"]
[Round "3.44"]
[White "Mason, Peter F"]
[WhiteElo "1813"]
[WhiteTeam "Chessable White Rose 3"]
[Black "Vaidyanathan, Sathya"]
[BlackElo "1328"]
[BlackTeam "Warwickshire Bears B"]
[Result "1-0"]
[PlyCount "59"]

1. e4 e5 2. f4 exf4 3. Nf3 Nc6 4. Bc4 d6 5. d4 Bg4 6. O-O Qf6 7. c3 Be7 8. Qa4 Bd7 9. Qc2 Nh6 10. Na3 a6 11. b4 O-O 12. Bd3 Qg6 13. Bxf4 f5 14. e5 dxe5 15. Nxe5 Nxe5 16. Bxe5 Bd6 17. Nc4 Bxe5 18. Nxe5 Qe6 19. Rae1 Qd6 20. Rf3 Rfe8 21. Ref1 g6 22. Qd2 Nf7 23. Nxf7 Kxf7 24. Qh6 Kg8 25. Rh3 Qe7 26. Bc4+ Kh8 27. Qxg6 f4 28. Rh6 Qe3+ 29. Kh1 Qe4 30. Qf6# 1-0

[Event "4NCL Online Division 3"]
[Site "online"]
[Date "2021.09.21"]
[EventDate "2021.09.21"]
[Round "3.51"]
[White "Frostick, Clive A"]
[WhiteElo "2173"]
[WhiteTeam "Farnham A"]
[Black "Robinson, Brian"]
[BlackElo "1640"]
[BlackTeam "Bishop Trojans"]
[Result "1-0"]
[PlyCount "75"]

1. e4 c5 2. Nf3 d6 3. Nc3 Nf6 4. e5 Nfd7 5. exd6 exd6 6. d4 Be7 7. Be2 O-O 8. O-O Nf6 9. h3 Bf5 10. Bf4 Nc6 11. d5 Nb4 12. Rc1 h6 13. a3 Na6 14. Bd3 Bxd3 15. Qxd3 Rc8 16. Nb5 Nc7 17. Nxa7 Ra8 18. Nb5 Ncxd5 19. Bh2 Nc7 20. Rcd1 Nxb5 21. Qxb5 b6 22. c4 Ne8 23. Rfe1 Nc7 24. Qc6 Ne8 25. Nd2 Rc8 26. Qb5 Nc7 27. Qb3 Ne6 28. Nf3 Qc7 29. Re2 Qc6 30. Qd3 Rfd8 31. Qf5 Rd7 32. Red2 Rcd8 33. Qd3 Bf8 34. Qb3 Nc7 35. a4 Ra8 36. Ne5 dxe5 37. Rxd7 Rxa4 38. Rxc7 1-0

[Event "4NCL Online Division 3"]
[Site "online"]
[Date "2021.09.21"]
[EventDate "2021.09.21"]
[Round "3.52"]
[White "Bainbridge, Bryan J"]
[WhiteElo "1523"]
[WhiteTeam "Bishop Trojans"]
[Black "Amos, Michael"]
[BlackElo "1877"]
[BlackTeam "Farnham A"]
[Result "1-0"]
[PlyCount "141"]

1. e4 d5 2. Nc3 d4 3. Nb1 e5 4. d3 Nc6 5. g3 Be6 6. Bg2 Bd6 7. Ne2 Nge7 8. f4 f6 9. f5 Bf7 10. O-O Nb8 11. Nd2 O-O 12. Nc4 b5 13. Nxd6 Qxd6 14. g4 c5 15. a3 Nbc6 16. Kh1 a5 17. Bd2 b4 18. h4 c4 19. g5 c3 20. bxc3 bxc3 21. gxf6 cxd2 22. fxe7 Qxe7 23. Qxd2 Qxh4+ 24. Kg1 Bh5 25. Bf3 Bxf3 26. Rxf3 Rf6 27. Ng3 Rh6 28. Qg2 Rb8 29. f6 Rxf6 30. Nf5 Rxf5 31. Rxf5 Qh6 32. Raf1 g6 33. Rf6 Na7 34. Qg3 Qe3+ 35. Qxe3 dxe3 36. Re1 Rb2 37. Re2 Nb5 38. a4 Nd4 39. Rxe3 Rxc2 40. Ra6 Rc5 41. Kf2 g5 42. Kg3 Kg7 43. Kg4 Rc2 44. Kxg5 Rg2+ 45. Kh4 Rg6 46. Rg3 Nb3 47. Rgxg6+ hxg6 48. Kg5 Kf7 49. Ra7+ Ke6 50. Kxg6 Nc5 51. Rxa5 Nxd3 52. Ra6+ Ke7 53. Kf5 Nc5 54. Ra5 Kd6 55. Rxc5 Kxc5 56. Kxe5 Kb4 57. Kd5 Kxa4 58. e5 Kb5 59. e6 Kb6 60. Kd6 Kb7 61. Kd7 Kb6 62. e7 Kb5 63. e8=Q Kb4 64. Qc8 Kb3 65. Kd6 Kb2 66. Kd5 Ka1 67. Qb8 Ka2 68. Kc5 Ka1 69. Kc4 Ka2 70. Kc3 Ka1 71. Qb2# 1-0

[Event "4NCL Online Division 3"]
[Site "online"]
[Date "2021.09.21"]
[EventDate "2021.09.21"]
[Round "3.53"]
[White "Cooper, Malcolm H"]
[WhiteElo "1796"]
[WhiteTeam "Farnham A"]
[Black "Berry, Robert"]
[BlackElo "1479"]
[BlackTeam "Bishop Trojans"]
[Result "1-0"]
[PlyCount "65"]

1. d4 d5 2. c4 dxc4 3. e4 e6 4. Bxc4 Nf6 5. Nc3 Bb4 6. Bg5 h6 7. Bxf6 Qxf6 8. Nf3 O-O 9. O-O c6 10. Qb3 Bxc3 11. bxc3 b5 12. Be2 a5 13. a4 bxa4 14. Rxa4 Qe7 15. Rfa1 Qc7 16. Qa3 f5 17. e5 Nd7 18. Rxa5 Bb7 19. Bc4 Kf7 20. Qd6 Qxd6 21. exd6 Nb6 22. Ne5+ Kf6 23. Ba6 Bxa6 24. Rxa6 Rxa6 25. Rxa6 Rb8 26. Rxb6 Ra8 27. g3 c5 28. Nd7+ Kf7 29. dxc5 Ra1+ 30. Kg2 Rc1 31. Ne5+ Kf6 32. d7 Rd1 33. Rd6 1-0